00390nmm a2200121Ia 4500008004100000041000800041100002400049245004400073264005500117300001800172650002600190856005200216251105s9999||||xx |||||||||||||||||und|| aspa aEchavarren, Roberto 0aEl caballo amarillo. Poemas 2005 - 2023 a[Santiago de Chile, Chile] :bRil editores, c2024 a163 páginas aLatin American poetry uhttps://public.digitaliapublishing.com/a/172371